| 000 -LEADER |
| fixed length control field |
01927cam a22004697a 4500 |
| 001 - CONTROL NUMBER |
| control field |
7918919 |
| 003 - CONTROL NUMBER IDENTIFIER |
| control field |
OSt |
| 005 - DATE AND TIME OF LATEST TRANSACTION |
| control field |
20210903122452.0 |
| 006 - FIXED-LENGTH DATA ELEMENTS--ADDITIONAL MATERIAL CHARACTERISTICS |
| fixed length control field |
m d |
| 007 - PHYSICAL DESCRIPTION FIXED FIELD--GENERAL INFORMATION |
| fixed length control field |
cr n |
| 008 - FIXED-LENGTH DATA ELEMENTS--GENERAL INFORMATION |
| fixed length control field |
090206s2009 gw a sb 001 0 eng d |
| 015 ## - NATIONAL BIBLIOGRAPHY NUMBER |
| National bibliography number |
992147751 |
| Source |
dnb |
| 020 ## - INTERNATIONAL STANDARD BOOK NUMBER |
| International Standard Book Number |
9783642101144 |
| 035 ## - SYSTEM CONTROL NUMBER |
| System control number |
(WaSeSS)ssj0000318368 |
| 038 ## - RECORD CONTENT LICENSOR |
| Staff Name |
khadija |
| 040 ## - CATALOGING SOURCE |
| Original cataloging agency |
BTCTA |
| Transcribing agency |
BTCTA |
| Modifying agency |
YDXCP |
| -- |
BWX |
| -- |
OHX |
| -- |
MYG |
| -- |
GBVCP |
| -- |
MUU |
| -- |
DLC |
| -- |
WaSeSS |
| 042 ## - AUTHENTICATION CODE |
| Authentication code |
lccopycat |
| 050 #4 - LIBRARY OF CONGRESS CALL NUMBER |
| Classification number |
Q335 |
| Item number |
.I5433 2009 |
| 082 00 - DEWEY DECIMAL CLASSIFICATION NUMBER |
| Classification number |
006.3 |
| Edition number |
23 |
| Author Mark |
INT |
| 100 ## - MAIN ENTRY--PERSONAL NAME |
| Personal name |
Gen, Mitsuo |
| 9 (RLIN) |
82131 |
| 210 10 - ABBREVIATED TITLE |
| Abbreviated title |
Intelligent and evolutionary systems |
| 245 00 - TITLE STATEMENT |
| Title |
Intelligent and evolutionary systems / |
| Statement of responsibility, etc. |
Mitsuo Gen |
| 260 ## - PUBLICATION, DISTRIBUTION, ETC. |
| Place of publication, distribution, etc. |
Berlin : |
| Name of publisher, distributor, etc. |
Springer, |
| Date of publication, distribution, etc. |
c2009. |
| 490 1# - SERIES STATEMENT |
| Series statement |
Studies in computational intelligence, |
| International Standard Serial Number |
1860-949x ; |
| Volume/sequential designation |
187 |
| 500 ## - GENERAL NOTE |
| General note |
A selection of fourteen papers from the Asia Pacific Symposium on Intelligent and Evolutionary Systems. |
| 504 ## - BIBLIOGRAPHY, ETC. NOTE |
| Bibliography, etc. note |
Includes bibliographical references and index. |
| 506 ## - RESTRICTIONS ON ACCESS NOTE |
| Terms governing access |
License restrictions may limit access. |
| 563 ## - BINDING INFORMATION |
| Binding note |
paperback |
| 650 #0 - SUBJECT ADDED ENTRY--TOPICAL TERM |
| Topical term or geographic name entry element |
Artificial intelligence |
| Form subdivision |
Congresses. |
| 9 (RLIN) |
82107 |
| 650 #0 - SUBJECT ADDED ENTRY--TOPICAL TERM |
| Topical term or geographic name entry element |
Evolutionary programming (Computer science) |
| Form subdivision |
Congresses. |
| 9 (RLIN) |
82132 |
| 650 #0 - SUBJECT ADDED ENTRY--TOPICAL TERM |
| Topical term or geographic name entry element |
Evolutionary computation |
| Form subdivision |
Congresses. |
| 9 (RLIN) |
82133 |
| 650 #0 - SUBJECT ADDED ENTRY--TOPICAL TERM |
| Topical term or geographic name entry element |
Intelligent control systems |
| Form subdivision |
Congresses. |
| 9 (RLIN) |
82134 |
| 650 #4 - SUBJECT ADDED ENTRY--TOPICAL TERM |
| Topical term or geographic name entry element |
Evolutionärer Algorithmus |
| Form subdivision |
Aufsatzsammlung. |
| 9 (RLIN) |
82135 |
| 650 #4 - SUBJECT ADDED ENTRY--TOPICAL TERM |
| Topical term or geographic name entry element |
Lernendes System |
| General subdivision |
Soft Computing |
| Form subdivision |
Aufsatzsammlung. |
| 9 (RLIN) |
82136 |
| 700 1# - ADDED ENTRY--PERSONAL NAME |
| Personal name |
Gen, Mitsuo, |
| Dates associated with a name |
1944- |
| 9 (RLIN) |
82137 |
| 711 2# - ADDED ENTRY--MEETING NAME |
| Meeting name or jurisdiction name as entry element |
Asia Pacific Symposium on Intelligent and Evolutionary Systems. |
| 9 (RLIN) |
82138 |
| 773 #0 - HOST ITEM ENTRY |
| Title |
SpringerLink ebooks - Engineering (2009) |
| 830 #0 - SERIES ADDED ENTRY--UNIFORM TITLE |
| Uniform title |
Studies in computational intelligence ; |
| Volume/sequential designation |
187. |
| 9 (RLIN) |
81268 |
| 856 40 - ELECTRONIC LOCATION AND ACCESS |
| Uniform Resource Identifier |
<a href="http://www.columbia.edu/cgi-bin/cul/resolve?clio7918919">http://www.columbia.edu/cgi-bin/cul/resolve?clio7918919</a> |
| Public note |
Full text available from SpringerLink ebooks - Engineering (2009) |
| 910 ## - USER-OPTION DATA (OCLC) |
| User-option data |
Library of Congress record |
| 942 ## - ADDED ENTRY ELEMENTS (KOHA) |
| Source of classification or shelving scheme |
|
| Koha item type |
Book |